000 00206nam a22000977a 4500
003 SGT
245 _aANNALS OF CLINICAL BIOCHEMISTRY
260 _bTHE ASSOCIATION BLM
_c2016
300 _a750
942 _2ddc
_cBV
999 _c19642
_d19642